Language Basics Quiz Stats

 Plays Quiz Updated Dec 6, 2018

Support Sporcle.
Go Orange.
Score 0/24 Timer 06:00
7 Plays Today
% Correct
Hola
83.4%
Bonjour or Salut
82.9%
Gracias
70.7%
Merci
69.3%
Por favor
66%
Au revoir
64.8%
Adios
60.1%
Buon giorno
52%
Arrivederci
51.8%
Guten Tag
50.3%
Danke schön
46%
S'il vous plaît
44.7%
% Correct
Bitte
32.4%
Grazie
30.2%
Arigato
25.4%
Auf Wiedersehen
23.8%
Per favore
23.7%
Sayonara
19.7%
Konnichi wa
18.2%
Pree-vyet
8.8%
Spasiba
8.4%
Da svidanya
7.8%
Kudasai
6.7%
Pozhaluysta
1.4%

From the Vault

Click the Italian-Speaking Countries

by mg10

You cannoli do so much here.
Remove Ads.
Support Sporcle.
Get the best of Sporcle when you Go Orange. This ad-free experience offers more features, more stats, and more fun while also helping to support Sporcle. Thank you for becoming a member.

Show Comments

Extras

Top Quizzes Today


Score Distribution

Your Account Isn't Verified!

In order to create a playlist on Sporcle, you need to verify the email address you used during registration. Go to your Sporcle Settings to finish the process.

Report this User

Report this user for behavior that violates our Community Guidelines.

Details: